[Event "5th Essent op"]
[Site "Hoogeveen NED"]
[Date "2001.10.15"]
[Round "4.7"]
[White "Van Kooten, Luuk"]
[Black "Archangelsky, Mikhail"]
[Result "1-0"]
[WhiteElo "2252"]
[BlackElo "2395"]
[EventDate "2001.10.12"]
[PlyCount "33"]

1.d4 d5 2.c4 c6 3.Nc3 dxc4 4.Nf3 b5 5.a4 b4 6.Ne4 Nf6 7.Ng3 e6 8.Qc2 c5 9.
e4 cxd4 10.Bxc4 Bb7 11.O-O Nc6 12.Rd1 Rc8 13.Be3 Qc7 14.Nxd4 Nxd4 15.Rxd4 
Bc5 16.Bb5+ Ke7 17.Rc4 1-0

[Event "5th Essent op"]
[Site "Hoogeveen NED"]
[Date "2001.10.15"]
[Round "4.8"]
[White "Stellwagen, Daniel"]
[Black "Van der Wiel, John"]
[Result "0-1"]
[WhiteElo "2384"]
[BlackElo "2495"]
[EventDate "2001.10.12"]
[PlyCount "80"]

1.e4 g6 2.d4 Bg7 3.Nc3 c6 4.f4 d5 5.e5 Nh6 6.Nf3 f6 7.Be3 Nf5 8.Bf2 fxe5 
9.fxe5 Bh6 10.Qe2 Qb6 11.Nd1 O-O 12.g4 Ng7 13.g5 Bg4 14.gxh6 Ne6 15.Rg1 
Bxf3 16.Qd3 Be4 17.Qh3 Nf4 18.Qh4 Na6 19.Rg4 Nb4 20.Rc1 Nxc2+ 21.Rxc2 Bxc2
22.Rxf4 Qb4+ 23.Ke2 Rxf4 24.Qxf4 Rf8 25.Qh4 Bxd1+ 26.Kxd1 Qxb2 27.Be2 Qb1+
28.Kd2 Qxa2+ 29.Kd1 Qb3+ 30.Kd2 Qb4+ 31.Kc2 a5 32.Be1 Qa3 33.Bxa5 Qa4+ 34.
Kd3 Qb5+ 35.Ke3 Qxa5 36.Qxe7 Qc3+ 37.Bd3 Qc1+ 38.Ke2 Qf1+ 39.Kd2 Rf2+ 40.
Kc3 Qc1+ 0-1

[Event "5th Essent op"]
[Site "Hoogeveen NED"]
[Date "2001.10.15"]
[Round "4.9"]
[White "Van der Weide, Karel"]
[Black "Markus, John Raymond"]
[Result "1/2-1/2"]
[WhiteElo "2457"]
[BlackElo "2253"]
[EventDate "2001.10.12"]
[PlyCount "125"]

1.e4 e5 2.Nf3 Nc6 3.Bb5 a6 4.Bxc6 dxc6 5.O-O Bg4 6.h3 h5 7.d3 Qf6 8.Nbd2 
Ne7 9.Re1 Ng6 10.d4 Nf4 11.dxe5 Qg6 12.Nh4 Bxd1 13.Nxg6 fxg6 14.Rxd1 O-O-O
15.Kf1 Bc5 16.Re1 Rhf8 17.Nf3 Nxh3 18.Be3 Bxe3 19.Rxe3 Nf4 20.g3 Ne6 21.c3
c5 22.Ke2 g5 23.Rh1 g6 24.Ne1 Rd7 25.Rf3 Rxf3 26.Nxf3 Kd8 27.Rd1 Rxd1 28.
Kxd1 Ke7 29.Ke2 Kf7 30.Ke3 g4 31.Nh4 c4 32.Ke2 Nc5 33.Ke3 Ne6 34.Ke2 b6 
35.Ke3 a5 36.Ke2 c6 37.Ke3 Nc5 38.Kd4 Nd3 39.e6+ Kxe6 40.Nxg6 Kf6 41.Nf8 
Nxf2 42.Ke3 Nd1+ 43.Kf4 Nxb2 44.Nd7+ Ke6 45.Nxb6 Kd6 46.e5+ Ke6 47.Ke4 Nd1
48.Nxc4 Nxc3+ 49.Kd3 Nxa2 50.Nxa5 Nb4+ 51.Ke4 c5 52.Nb7 c4 53.Nc5+ Ke7 54.
Kf5 c3 55.Kg5 c2 56.Nb3 Nd3 57.Kxh5 Nxe5 58.Kg5 Kd6 59.Kf4 Kd5 60.Ke3 Kc4 
61.Nc1 Kc3 62.Ne2+ Kb2 63.Kf4 1/2-1/2

[Event "5th Essent op"]
[Site "Hoogeveen NED"]
[Date "2001.10.15"]
[Round "4.10"]
[White "Vuilleumier, Alexandre"]
[Black "Naes, Flovin Tor"]
[Result "0-1"]
[WhiteElo "2150"]
[BlackElo "2223"]
[EventDate "2001.10.12"]
[PlyCount "84"]

1.e4 e5 2.Nf3 Nc6 3.Bb5 Nf6 4.Nc3 Bb4 5.O-O O-O 6.d3 d6 7.Bg5 Bxc3 8.bxc3 
h6 9.Bc1 Ne7 10.Re1 Be6 11.d4 Ng6 12.a4 c6 13.Bf1 Re8 14.Ba3 Qc7 15.a5 
Rad8 16.Qb1 Bg4 17.Nd2 exd4 18.cxd4 Qxa5 19.Nc4 Qh5 20.Nxd6 Nh4 21.Qc1 Re6
22.e5 Bf3 23.c4 Bxg2 24.Qf4 Bf3 25.Bh3 Bg4 26.Re3 g5 27.Bxg4 Nxg4 28.Qxf7+
Qxf7 29.Nxf7 Kxf7 30.Re4 Rxd4 31.Rxd4 Nf3+ 32.Kg2 Nxd4 33.Bc5 Nb3 34.Rxa7 
Nxc5 35.Kf3 Nxe5+ 36.Kg3 Nxc4 37.h4 gxh4+ 38.Kxh4 Rg6 39.f4 Ne3 40.f5 
Nxf5+ 41.Kh3 Rg3+ 42.Kh2 Kf6 0-1

[Event "5th Essent op"]
[Site "Hoogeveen NED"]
[Date "2001.10.15"]
[Round "4.11"]
[White "Koster, Ramon H"]
[Black "Hulshof, Peter"]
[Result "0-1"]
[WhiteElo "2285"]
[BlackElo "2200"]
[EventDate "2001.10.12"]
[PlyCount "116"]

1.d4 g6 2.g3 Bg7 3.Bg2 d6 4.Nf3 Nf6 5.O-O O-O 6.c4 Nbd7 7.Nc3 e5 8.e4 h6 
9.Re1 Nh7 10.Be3 Ng5 11.Qd2 exd4 12.Bxd4 Ne5 13.Bxe5 Nxf3+ 14.Bxf3 dxe5 
15.Qe3 c6 16.h4 Qd4 17.b3 Qxe3 18.Rxe3 Rd8 19.Rd1 Rd4 20.Red3 Be6 21.Ne2 
Rxd3 22.Rxd3 Bf6 23.Nc3 Rd8 24.Rxd8+ Bxd8 25.Nd1 Bb6 26.Kf1 Kf8 27.Nb2 Bd4
28.Nd3 a5 29.Bd1 Ke7 30.f3 f5 31.Kg2 b5 32.cxb5 cxb5 33.Kh2 Kf6 34.Kg2 Bd7
35.Kh2 Bc6 36.exf5 gxf5 37.Kg2 e4 38.Nf4 Ke5 39.fxe4 fxe4 40.Kf1 Be3 41.
Ng6+ Kd4 42.Ne7 Bd7 43.Bc2 Bc1 44.Ke1 Ba3 45.Ng6 Bb4+ 46.Kf1 Bh3+ 47.Kg1 
Bd6 48.Bd1 Bxg3 49.Be2 b4 50.Ne7 Bd7 51.Ng8 Ke3 52.Bc4 Bxh4 53.Nxh6 Kd2 
54.Nf7 Bf6 55.Nd6 Bd4+ 56.Kg2 e3 57.Ne4+ Kd1 58.Ng3 Bg4 0-1

[Event "5th Essent op"]
[Site "Hoogeveen NED"]
[Date "2001.10.15"]
[Round "4.12"]
[White "Hendriks, Richard V"]
[Black "Veneman, Henry J"]
[Result "1/2-1/2"]
[WhiteElo "2113"]
[BlackElo "2185"]
[EventDate "2001.10.12"]
[PlyCount "22"]

1.e4 d5 2.d4 dxe4 3.Nc3 Nf6 4.f3 exf3 5.Nxf3 e6 6.Bg5 Be7 7.Bd3 c5 8.dxc5 
Qa5 9.O-O Qxc5+ 10.Kh1 Bd7 11.Qd2 Bc6 1/2-1/2

[Event "5th Essent op"]
[Site "Hoogeveen NED"]
[Date "2001.10.15"]
[Round "4.13"]
[White "Dvoirys, Semen I"]
[Black "Mulyar, Michael A"]
[Result "1-0"]
[WhiteElo "2582"]
[BlackElo "2428"]
[EventDate "2001.10.12"]
[PlyCount "87"]

1.e4 e5 2.Nf3 Nc6 3.Bb5 a6 4.Ba4 Nf6 5.O-O b5 6.Bb3 Bc5 7.a4 Rb8 8.axb5 
axb5 9.Nxe5 Nxe5 10.d4 Bxd4 11.Qxd4 d6 12.Nd2 c5 13.Qe3 O-O 14.c3 Bb7 15.
Bc2 Re8 16.f3 Ra8 17.Rxa8 Qxa8 18.Rd1 c4 19.Qd4 d5 20.exd5 Bxd5 21.Re1 Nc6
22.Rxe8+ Qxe8 23.Qf2 Ne5 24.Nf1 Nd3 25.Bxd3 cxd3 26.Qe3 Qxe3+ 27.Bxe3 Be6 
28.Kf2 Nd5 29.Ke1 f5 30.Kd2 f4 31.Bd4 Ne7 32.Be5 Ng6 33.Bd6 Kf7 34.Ke1 Bd5
35.Nd2 Ke6 36.Bc7 Kd7 37.Bb8 Kc8 38.Ba7 Ne5 39.Bd4 Nc4 40.Nxc4 bxc4 41.
Bxg7 Kd7 42.Bh6 Ke6 43.Bxf4 Kf5 44.Bh6 1-0

[Event "5th Essent op"]
[Site "Hoogeveen NED"]
[Date "2001.10.15"]
[Round "4.14"]
[White "Klinova, Masha"]
[Black "Guliev, Sarhan"]
[Result "1/2-1/2"]
[WhiteElo "2407"]
[BlackElo "2489"]
[EventDate "2001.10.12"]
[PlyCount "75"]

1.e4 c5 2.Nf3 e6 3.c4 Nc6 4.Nc3 Qb6 5.b3 d6 6.Bb2 Nf6 7.g3 Be7 8.Bg2 O-O 
9.O-O Bd7 10.Na4 Qc7 11.Nc3 a6 12.d4 cxd4 13.Nxd4 Nxd4 14.Qxd4 b5 15.cxb5 
axb5 16.Rac1 Qb8 17.b4 Rc8 18.a3 Rc4 19.Qd1 Ra7 20.Re1 Rc8 21.Bf1 Rb7 22.
Bd3 h5 23.Be2 h4 24.Bd3 Bd8 25.Qe2 hxg3 26.hxg3 e5 27.Kg2 Bb6 28.Rh1 Bd4 
29.Nd5 Nxd5 30.exd5 Bxb2 31.Qxb2 f5 32.Rce1 e4 33.Be2 Qc7 34.Qd2 Qd8 35.
Qd4 Qb6 36.Qd2 Qd8 37.Qd4 Qb6 38.Qd2 1/2-1/2

[Event "5th Essent op"]
[Site "Hoogeveen NED"]
[Date "2001.10.15"]
[Round "4.16"]
[White "Potze, Rudolf"]
[Black "Van Doeland, Julius"]
[Result "0-1"]
[WhiteElo "2145"]
[BlackElo "2292"]
[EventDate "2001.10.12"]
[PlyCount "68"]

1.e4 d6 2.d4 Nf6 3.Nc3 g6 4.Be3 c6 5.f3 b5 6.Qd2 a6 7.h4 h5 8.Nh3 Nbd7 9.
Bd3 e5 10.dxe5 dxe5 11.Ne2 Nc5 12.O-O-O Be7 13.Qc3 Nxd3+ 14.Rxd3 Qc7 15.
Bc5 Bb7 16.Ng5 O-O 17.Rhd1 Rfe8 18.g3 a5 19.Bxe7 Qxe7 20.Rd6 b4 21.Qe3 a4 
22.a3 Ba6 23.axb4 Bxe2 24.Qxe2 Nd5 25.Rxc6 Nxb4 26.Rcd6 a3 27.Kb1 axb2 28.
Qc4 Ra1+ 29.Kxb2 Rxd1 30.Rxd1 Rb8 31.Kc1 Qa7 32.Rd6 Kg7 33.Kd2 Qf2+ 34.Kc3
Qxc2# 0-1

[Event "5th Essent op"]
[Site "Hoogeveen NED"]
[Date "2001.10.15"]
[Round "4.17"]
[White "De Mie, Mariska"]
[Black "Cako, Laszlo"]
[Result "1/2-1/2"]
[WhiteElo "2161"]
[BlackElo "2131"]
[EventDate "2001.10.12"]
[PlyCount "151"]

1.e4 e5 2.Nc3 Bc5 3.Bc4 Nf6 4.d3 d6 5.Na4 Bb6 6.Nxb6 axb6 7.f4 Nc6 8.Nf3 
O-O 9.O-O Bg4 10.c3 d5 11.exd5 Nxd5 12.h3 Bxf3 13.Qxf3 Nxf4 14.b4 Qd7 15.
g3 Ne6 16.Qg4 Ncd8 17.Bg5 b5 18.Bb3 Qxd3 19.Rf5 h5 20.Rd1 hxg4 21.Rxd3 
Nxg5 22.Rxg5 Nc6 23.Rd7 gxh3 24.Rf5 Nd8 25.Rxc7 Ra6 26.Rxe5 Rc6 27.Ree7 g6
28.Kh2 Kg7 29.Kxh3 Kf6 30.Bd5 Rd6 31.Red7 Ke5 32.Bf3 Ra6 33.Rd2 Rb6 34.Rc8
Ne6 35.Re2+ Kf5 36.Bg4+ Kg5 37.Rxe6 Rxc8 38.Rxb6 Rh8+ 39.Kg2 Kxg4 40.Rxb7 
f5 41.Rxb5 Rh3 42.Rc5 Rxg3+ 43.Kf2 Rh3 44.Kg2 Rd3 45.a4 Rd2+ 46.Kf1 Ra2 
47.b5 Rxa4 48.b6 Kf3 49.Re5 Rh4 50.Ke1 Rh1+ 51.Kd2 Rb1 52.Re6 g5 53.Kc2 
Rb5 54.c4 Rb4 55.Kc3 Rb1 56.c5 g4 57.Rd6 g3 58.Rd3+ Kf2 59.Rd2+ Kf1 60.Rb2
Rxb2 61.Kxb2 g2 62.b7 g1=Q 63.b8=Q Qxc5 64.Qb3 Qd4+ 65.Kc1 f4 66.Qh3+ Kf2 
67.Qh4+ Ke2 68.Qg4+ Ke1 69.Qh4+ Qf2 70.Qh1+ Qf1 71.Qe4+ Kf2+ 72.Kd2 Kg1 
73.Qf5 f3 74.Ke3 Qf2+ 75.Kf4 Qe2 76.Qg4+ 1/2-1/2

[Event "5th Essent op"]
[Site "Hoogeveen NED"]
[Date "2001.10.15"]
[Round "4.18"]
[White "Hernandez, Gustavo2"]
[Black "Boersma, Jan"]
[Result "0-1"]
[WhiteElo "2265"]
[BlackElo "2193"]
[EventDate "2001.10.12"]
[PlyCount "79"]

1.d4 Nf6 2.Nf3 g6 3.c4 Bg7 4.Nc3 O-O 5.Bg5 d6 6.e3 Nbd7 7.Be2 b6 8.Nd2 Bb7
9.O-O a6 10.a4 e5 11.d5 a5 12.e4 h6 13.Be3 Qe7 14.Rb1 Ne8 15.g4 Kh7 16.Kg2
Bf6 17.Nf3 Nc5 18.h4 Bg7 19.Rh1 Bc8 20.h5 Nf6 21.hxg6+ fxg6 22.Nd2 Kg8 23.
Bxh6 Nh5 24.Bxg7 Nf4+ 25.Kg3 Kxg7 26.f3 Qg5 27.Nf1 Bd7 28.Ne3 Rh8 29.Qc2 
Raf8 30.Rbf1 Bxa4 31.Nxa4 Nxe2+ 32.Qxe2 Nxa4 33.Qd2 Qf4+ 34.Kg2 Rxh1 35.
Kxh1 Nxb2 36.Kg2 Rh8 37.Rh1 Rxh1 38.Kxh1 Qxf3+ 39.Kh2 Na4 40.Nf5+ 0-1

[Event "5th Essent op"]
[Site "Hoogeveen NED"]
[Date "2001.10.15"]
[Round "4.19"]
[White "Bertholee, Rob"]
[Black "Goloshchapov, Alexander"]
[Result "1-0"]
[WhiteElo "2382"]
[BlackElo "2550"]
[EventDate "2001.10.12"]
[PlyCount "81"]

1.e4 g6 2.d4 Bg7 3.Nf3 d6 4.Nc3 Nf6 5.Be2 O-O 6.O-O e6 7.Bf4 h6 8.e5 Nd5 
9.Nxd5 exd5 10.Qd2 g5 11.Bg3 Nc6 12.h3 Be6 13.Rae1 Qd7 14.c3 Ne7 15.Nh2 
dxe5 16.dxe5 Nf5 17.Ng4 d4 18.c4 d3 19.Qxd3 Qxd3 20.Bxd3 Nxg3 21.fxg3 Rad8
22.Rf3 Rd4 23.b3 Rfd8 24.Bf5 Rd2 25.Bxe6 fxe6 26.Nf6+ Kh8 27.Rf2 Rxf2 28.
Kxf2 Rd2+ 29.Kf3 Bf8 30.Re2 Rd3+ 31.Kg4 Kg7 32.Kh5 Bb4 33.Ne8+ Kf7 34.Nxc7
a6 35.Rf2+ Ke7 36.Rf6 Rxg3 37.Nxe6 Rxg2 38.Rxh6 Bd2 39.Nc5 g4 40.Rh7+ Ke8 
41.hxg4 1-0

[Event "5th Essent op"]
[Site "Hoogeveen NED"]
[Date "2001.10.15"]
[Round "4.20"]
[White "Peng, Zhaoqin"]
[Black "Plasman, Hans"]
[Result "1-0"]
[WhiteElo "2443"]
[BlackElo "2217"]
[EventDate "2001.10.12"]
[PlyCount "69"]

1.Nf3 Nf6 2.c4 e6 3.Nc3 Nc6 4.d4 Bb4 5.Qc2 O-O 6.a3 Bxc3+ 7.Qxc3 d6 8.b4 
e5 9.dxe5 Nxe5 10.Nxe5 dxe5 11.Qxe5 Re8 12.Qb2 a5 13.Bg5 axb4 14.axb4 
Rxa1+ 15.Qxa1 Qd3 16.f3 Qxc4 17.Bxf6 gxf6 18.Qb2 Re5 19.e4 Qe6 20.Bd3 Qb6 
21.Ke2 Bd7 22.Qd2 Bb5 23.Rb1 f5 24.Qg5+ Kh8 25.Rd1 f6 26.Qh6 Re8 27.Bxb5 
Qxb5+ 28.Kf2 fxe4 29.Qxf6+ Kg8 30.Rd4 c5 31.Rd5 e3+ 32.Kg3 h6 33.Qg6+ Kf8 
34.Rf5+ Ke7 35.Rf7+ 1-0

[Event "5th Essent op"]
[Site "Hoogeveen NED"]
[Date "2001.10.15"]
[Round "4.21"]
[White "Gurevich, Mikhail"]
[Black "Galkin, Alexander"]
[Result "1/2-1/2"]
[WhiteElo "2605"]
[BlackElo "2583"]
[EventDate "2001.10.12"]
[PlyCount "41"]

1.d4 d5 2.c4 e6 3.Nf3 c6 4.e3 Bd6 5.Bd3 f5 6.O-O Nf6 7.b3 Qe7 8.Bb2 O-O 9.
Nbd2 b6 10.Ne5 Bb7 11.Rc1 Ne4 12.f3 Nxd2 13.Qxd2 Nd7 14.Nxd7 Qxd7 15.e4 
fxe4 16.fxe4 Rxf1+ 17.Rxf1 Rf8 18.Rxf8+ Bxf8 19.Qc2 g6 20.cxd5 exd5 21.
exd5 1/2-1/2

[Event "5th Essent op"]
[Site "Hoogeveen NED"]
[Date "2001.10.15"]
[Round "4.22"]
[White "Berelowitsch, Alexander"]
[Black "Afek, Yochanan"]
[Result "1-0"]
[WhiteElo "2512"]
[BlackElo "2369"]
[EventDate "2001.10.12"]
[PlyCount "93"]

1.e4 Nf6 2.e5 Nd5 3.d4 d6 4.Nf3 c6 5.Be2 Bf5 6.O-O e6 7.c4 Nb4 8.a3 Nc2 9.
Ra2 dxe5 10.dxe5 Qxd1 11.Rxd1 c5 12.Bd3 Bxd3 13.Rxd3 Nc6 14.b3 N2d4 15.
Nxd4 O-O-O 16.Rad2 Rxd4 17.Bb2 Rxd3 18.Rxd3 Be7 19.Nd2 Rd8 20.Rxd8+ Kxd8 
21.Kf1 Kd7 22.Bc3 b6 23.Ne4 Nb8 24.g4 Kc6 25.f4 Nd7 26.Ke2 b5 27.Kd3 a6 
28.f5 b4 29.f6 gxf6 30.exf6 Bd8 31.axb4 cxb4 32.Bb2 Bc7 33.h4 Be5 34.Bd4 
a5 35.g5 Bxd4 36.Kxd4 e5+ 37.Kd3 Nf8 38.h5 Ne6 39.Ke3 Kd7 40.c5 Nf4 41.Nd6
Ke6 42.h6 Kd5 43.Nxf7 a4 44.c6 Kxc6 45.Nxe5+ Kd6 46.Kxf4 a3 47.f7 1-0

[Event "5th Essent op"]
[Site "Hoogeveen NED"]
[Date "2001.10.16"]
[Round "5.1"]
[White "Wuts, Frank"]
[Black "Roberts, Paul"]
[Result "1-0"]
[WhiteElo "2297"]
[BlackElo "2155"]
[EventDate "2001.10.12"]
[PlyCount "115"]

1.e4 c5 2.Nf3 e6 3.d4 cxd4 4.c3 dxc3 5.Nxc3 d6 6.Bc4 Be7 7.O-O Nf6 8.Qe2 
Nc6 9.Rd1 Qc7 10.Bf4 Ne5 11.Nxe5 dxe5 12.Bb5+ Bd7 13.Bxd7+ Nxd7 14.Nb5 Qb6
15.Be3 Bc5 16.Nd6+ Ke7 17.Qh5 Bd4 18.Qxf7+ Kxd6 19.f4 Raf8 20.Qxg7 Rhg8 
21.Bxd4 Rxg7 22.Bxb6+ Ke7 23.Bxa7 exf4 24.Rac1 Rfg8 25.Rd2 h5 26.Rc7 Ke8 
27.Rxb7 Ne5 28.Rb8+ Kf7 29.Kf1 Ng4 30.Rb7+ Ke8 31.Rxg7 Nxh2+ 32.Kg1 Rxg7 
33.Kxh2 Rxa7 34.a3 Kf7 35.Rf2 Kf6 36.Rxf4+ Ke5 37.Rh4 Rb7 38.b4 Ra7 39.
Rxh5+ Kxe4 40.Rh3 e5 41.b5 Kd5 42.b6 Rb7 43.Rb3 e4 44.a4 Kc4 45.Rb1 e3 46.
Kg3 Kd3 47.Rb3+ Kd2 48.Rb2+ Kc3 49.Rb5 Kd2 50.Rd5+ Ke2 51.a5 Kf1 52.Rd1+ 
Ke2 53.Rb1 Rg7+ 54.Kf4 Rf7+ 55.Ke5 Rf1 56.Rb2+ Kd3 57.Rb3+ Kd2 58.b7 1-0

[Event "5th Essent op"]
[Site "Hoogeveen NED"]
[Date "2001.10.16"]
[Round "5.2"]
[White "Cako, Laszlo"]
[Black "Hernandez, Gustavo2"]
[Result "0-1"]
[WhiteElo "2131"]
[BlackElo "2265"]
[EventDate "2001.10.12"]
[PlyCount "56"]

1.e4 c5 2.Nf3 Nc6 3.d4 cxd4 4.Nxd4 g6 5.Nc3 Bg7 6.Be3 Nf6 7.Qd2 O-O 8.
O-O-O d5 9.Nb3 Nxe4 10.Nxe4 dxe4 11.Qe1 Qc7 12.Kb1 a5 13.Nc5 Bf5 14.Be2 b6
15.Na4 Rab8 16.g4 Be6 17.Qd2 Rfd8 18.Qc1 Nb4 19.Rxd8+ Qxd8 20.a3 Nd5 21.
Bh6 Qc7 22.c4 Bxh6 23.Qxh6 Nf4 24.Bf1 Bxg4 25.Rg1 Bf5 26.Ka1 b5 27.Nc3 b4 
28.Nb5 Rxb5 0-1

[Event "5th Essent op"]
[Site "Hoogeveen NED"]
[Date "2001.10.16"]
[Round "5.3"]
[White "Van der Wiel, John"]
[Black "Hort, Vlastimil"]
[Result "1/2-1/2"]
[WhiteElo "2495"]
[BlackElo "2519"]
[EventDate "2001.10.12"]
[PlyCount "25"]

1.e4 e6 2.d4 d5 3.Nc3 Nf6 4.Bg5 dxe4 5.Nxe4 Be7 6.Bxf6 Bxf6 7.Nf3 Nd7 8.c3
Qe7 9.Qc2 b6 10.O-O-O Bb7 11.Bb5 a6 12.Bd3 Rd8 13.Rhe1 1/2-1/2

[Event "5th Essent op"]
[Site "Hoogeveen NED"]
[Date "2001.10.16"]
[Round "5.4"]
[White "Goloshchapov, Alexander"]
[Black "Jens, Jelmer"]
[Result "1/2-1/2"]
[WhiteElo "2550"]
[BlackElo "2318"]
[EventDate "2001.10.12"]
[PlyCount "40"]

1.d4 Nf6 2.c4 g6 3.Nc3 d5 4.Bg5 Ne4 5.Bf4 Nxc3 6.bxc3 Bg7 7.e3 c5 8.Nf3 
O-O 9.cxd5 cxd4 10.cxd4 Qxd5 11.Be2 Nc6 12.O-O Bf5 13.Qa4 Qa5 14.Qxa5 Nxa5
15.Rac1 Rfc8 16.Ne5 Be6 17.a3 Bxe5 18.Bxe5 Bc4 19.Bxc4 Nxc4 20.a4 Nxe5 
1/2-1/2

[Event "5th Essent op"]
[Site "Hoogeveen NED"]
[Date "2001.10.16"]
[Round "5.5"]
[White "Jonkman, Harmen"]
[Black "Gurevich, Mikhail"]
[Result "0-1"]
[WhiteElo "2491"]
[BlackElo "2605"]
[EventDate "2001.10.12"]
[PlyCount "134"]

1.e4 e6 2.d4 d5 3.e5 c5 4.c3 Nc6 5.Nf3 Bd7 6.Be2 Nge7 7.O-O Ng6 8.g3 f6 9.
Bd3 cxd4 10.cxd4 Nb4 11.exf6 gxf6 12.Be2 Bg7 13.Nc3 O-O 14.Re1 Qe7 15.Bf1 
Qf7 16.Bg2 Rad8 17.Be3 Bc8 18.Qd2 Nc6 19.Rad1 Kh8 20.Qe2 Nge7 21.Bf4 Ng6 
22.Bc1 Rfe8 23.Qb5 Qf8 24.a3 a6 25.Qf1 Na5 26.Kh1 Bd7 27.Ng1 Ne7 28.f4 Nf5
29.Nf3 Nd6 30.Nh4 f5 31.Nf3 Ne4 32.Ne5 Nxc3 33.bxc3 Ba4 34.Rd2 Rc8 35.Qf3 
Nb3 36.Ra2 Re7 37.Bb2 Nd2 38.Qh5 Be8 39.Qe2 Ne4 40.Qe3 Rec7 41.Rc1 b5 42.
Bf3 Bf6 43.Raa1 Qh6 44.Bxe4 dxe4 45.a4 bxa4 46.Ba3 Rb7 47.Rab1 Rcb8 48.Rb4
a5 49.Rxb7 Rxb7 50.Nc4 Bh5 51.Kg1 Qg7 52.Nxa5 Rb5 53.Nc4 Qc7 54.Nd2 Kg8 
55.Qe1 Kf7 56.Qf1 Qc6 57.Kf2 Kg8 58.Ke3 e5 59.Qe1 Qb6 60.Nc4 exd4+ 61.Kf2 
Qe6 62.cxd4 Bxd4+ 63.Kg2 Bf3+ 64.Kf1 e3 65.Nxe3 Qxe3 66.Rc8+ Kf7 67.Rc7+ 
Kg6 0-1

[Event "5th Essent op"]
[Site "Hoogeveen NED"]
[Date "2001.10.16"]
[Round "5.6"]
[White "Ellenbroek, Ton"]
[Black "Naes, Flovin Tor"]
[Result "0-1"]
[WhiteElo "2117"]
[BlackElo "2223"]
[EventDate "2001.10.12"]
[PlyCount "64"]

1.e4 e5 2.Nf3 Nc6 3.d3 f5 4.Nc3 Nf6 5.Bg5 Bb4 6.Be2 O-O 7.O-O Bxc3 8.bxc3 
h6 9.Bxf6 Qxf6 10.exf5 d6 11.Rb1 Rb8 12.Nd2 Bxf5 13.Bf3 Nd8 14.Bd5+ Be6 
15.Ne4 Qg6 16.c4 c6 17.Bxe6+ Nxe6 18.Qd2 Rf7 19.Qe3 Nf4 20.g3 Rbf8 21.Kh1 
Nh3 22.f3 d5 23.cxd5 cxd5 24.Nd2 Qc6 25.c4 Ng5 26.Qxe5 dxc4 27.d4 Nxf3 28.
Rxf3 Rxf3 29.d5 Qg6 30.Rxb7 Rd3 31.Nxc4 Rf2 32.Qe1 Qe4+ 0-1

[Event "5th Essent op"]
[Site "Hoogeveen NED"]
[Date "2001.10.16"]
[Round "5.7"]
[White "Guliev, Sarhan"]
[Black "Van Kooten, Luuk"]
[Result "1/2-1/2"]
[WhiteElo "2489"]
[BlackElo "2252"]
[EventDate "2001.10.12"]
[PlyCount "92"]

1.d4 Nf6 2.c4 g6 3.Nc3 d5 4.cxd5 Nxd5 5.Bd2 Nb6 6.Nf3 Bg7 7.e3 O-O 8.Be2 
Nc6 9.O-O h6 10.Rc1 e5 11.dxe5 Nxe5 12.Nxe5 Bxe5 13.Qc2 Bg7 14.e4 c6 15.
Be3 Be6 16.b3 Qe7 17.Rfd1 Rfd8 18.h3 Qb4 19.Nb1 Qe7 20.Nd2 Bd4 21.Bxd4 
Rxd4 22.Nf3 Rxd1+ 23.Rxd1 Rd8 24.Rxd8+ Qxd8 25.Qc3 Nd7 26.Nd4 Nf8 27.f4 
Bc8 28.f5 Qe7 29.Qe3 c5 30.Nc2 g5 31.Bc4 b6 32.h4 Nd7 33.hxg5 hxg5 34.Bd5 
Kg7 35.Qg3 Ne5 36.Ne3 f6 37.Qh3 Bd7 38.Qh5 Be8 39.Qe2 Qd6 40.Qa6 Qc7 41.
Qe2 Qe7 42.Qd2 Qd6 43.Qc3 Bd7 44.Qd2 Be8 45.Qc3 Bd7 46.Qd2 Be8 1/2-1/2

[Event "5th Essent op"]
[Site "Hoogeveen NED"]
[Date "2001.10.16"]
[Round "5.8"]
[White "Veneman, Henry J"]
[Black "Potze, Rudolf"]
[Result "1/2-1/2"]
[WhiteElo "2185"]
[BlackElo "2145"]
[EventDate "2001.10.12"]
[PlyCount "48"]

1.e4 c5 2.Nf3 Nc6 3.d4 cxd4 4.Nxd4 Nf6 5.Nc3 e5 6.Ndb5 d6 7.Bg5 a6 8.Na3 
b5 9.Nd5 Be7 10.Bxf6 Bxf6 11.c3 O-O 12.Nc2 Bg5 13.a4 bxa4 14.Rxa4 a5 15.
Bb5 Bb7 16.O-O Ne7 17.Nce3 Bxe3 18.Nxe3 Qb6 19.Qe2 Rab8 20.Bd3 f5 21.exf5 
d5 22.Bc2 e4 23.Ra2 Qc5 24.Ba4 Nxf5 1/2-1/2

[Event "5th Essent op"]
[Site "Hoogeveen NED"]
[Date "2001.10.16"]
[Round "5.10"]
[White "Magomedov, Magaram"]
[Black "Klinova, Masha"]
[Result "1/2-1/2"]
[WhiteElo "2608"]
[BlackElo "2407"]
[EventDate "2001.10.12"]
[PlyCount "61"]

1.e4 c6 2.d4 d5 3.exd5 cxd5 4.c4 Nf6 5.Nc3 Nc6 6.Bg5 e6 7.Nf3 Be7 8.c5 O-O
9.Bb5 h6 10.Bf4 Ne4 11.O-O Nxc3 12.bxc3 Bd7 13.Qa4 Qe8 14.Bxc6 Bxc6 15.Qb3
f6 16.Rfe1 Qd7 17.Re3 Rfe8 18.Bg3 Bd8 19.Ne1 b6 20.Nd3 Bb5 21.Bd6 Rc8 22.
Nf4 bxc5 23.Bxc5 Bc4 24.Qd1 e5 25.Nh5 e4 26.Rg3 g5 27.h4 Kh8 28.Rb1 Rg8 
29.hxg5 hxg5 30.Rh3 g4 31.Re3 1/2-1/2

[Event "5th Essent op"]
[Site "Hoogeveen NED"]
[Date "2001.10.16"]
[Round "5.12"]
[White "Epishin, Vladimir"]
[Black "Bertholee, Rob"]
[Result "1-0"]
[WhiteElo "2583"]
[BlackElo "2382"]
[EventDate "2001.10.12"]
[PlyCount "95"]

1.d4 d6 2.g3 e5 3.dxe5 dxe5 4.Qxd8+ Kxd8 5.Nc3 c6 6.f4 Bd6 7.Ne4 Bc7 8.
fxe5 Bxe5 9.Nf3 Bc7 10.Bf4 Bxf4 11.gxf4 Ke7 12.Rg1 Bf5 13.Ng3 Bg4 14.Kf2 
Nh6 15.e4 Rd8 16.e5 Bxf3 17.Kxf3 Rd2 18.Ne4 Rxh2 19.Rxg7 Nd7 20.Rxh7 Ng4 
21.Bh3 Rg8 22.Re1 Nf8 23.Rh5 f5 24.Nd6 Nf2 25.Nxf5+ Kd8 26.Nh6 Rg7 27.Rg5 
Rxg5 28.fxg5 Nxh3 29.Kg3 Nxg5 30.Rd1+ Kc7 31.Kxh2 Nf3+ 32.Kg3 Nxe5 33.Ng4 
Nc4 34.b3 Nb6 35.Nf6 Ne6 36.Kg4 a5 37.Kf5 Nc5 38.Ke5 Na6 39.a4 Nb4 40.Rd2 
Na6 41.Rh2 Nb4 42.Ne4 Nd7+ 43.Kd4 Kb6 44.c3 Na6 45.Rh5 Nf8 46.Nd2 Ne6+ 47.
Ke5 Nac5 48.Kd6 1-0

[Event "5th Essent op"]
[Site "Hoogeveen NED"]
[Date "2001.10.16"]
[Round "5.13"]
[White "Klenburg, Mikhail"]
[Black "Dvoirys, Semen I"]
[Result "0-1"]
[WhiteElo "2341"]
[BlackElo "2582"]
[EventDate "2001.10.12"]
[PlyCount "80"]

1.e4 c5 2.d3 Nc6 3.g3 d5 4.Nd2 Nf6 5.Bg2 e6 6.Ngf3 Be7 7.O-O b6 8.Re1 Bb7 
9.c3 Qc7 10.exd5 Nxd5 11.a4 O-O 12.Nc4 Rad8 13.Qb3 Ba6 14.Bd2 Bf6 15.Rad1 
Rd7 16.h4 Rfd8 17.h5 h6 18.Nh2 Bg5 19.Bxg5 hxg5 20.Ng4 Nf6 21.Bxc6 Nxg4 
22.Bxd7 Rxd7 23.Qc2 Nf6 24.Qe2 Bb7 25.Nd2 g4 26.Ne4 Qe5 27.h6 Qh5 28.Qe3 
Nh7 29.hxg7 f5 30.Qf4 fxe4 31.dxe4 Rf7 32.Rd8+ Kxg7 33.Qd6 Qg6 34.Qe5+ Qf6
35.Qxf6+ Nxf6 36.e5 Ne4 37.Red1 Bc6 38.Rc8 Nxf2 39.Rd2 Nh3+ 40.Kh2 Bd5 0-1

[Event "5th Essent op"]
[Site "Hoogeveen NED"]
[Date "2001.10.16"]
[Round "5.14"]
[White "Hulshof, Peter"]
[Black "Berelowitsch, Alexander"]
[Result "0-1"]
[WhiteElo "2200"]
[BlackElo "2512"]
[EventDate "2001.10.12"]
[PlyCount "92"]

1.e4 g6 2.Nc3 Bg7 3.g3 c5 4.Bg2 Nc6 5.d3 d6 6.f4 e6 7.Nf3 Nge7 8.O-O O-O 
9.Be3 b6 10.Re1 d5 11.Bf2 d4 12.Nb1 e5 13.Nbd2 f6 14.Nh4 Qc7 15.f5 Bh6 16.
g4 Bf4 17.Bg3 Bxg3 18.hxg3 g5 19.Nhf3 Bd7 20.Kf2 b5 21.Rh1 Kg7 22.Nb3 Qd6 
23.Qd2 h6 24.a4 a6 25.axb5 axb5 26.Rxa8 Rxa8 27.Ra1 Rxa1 28.Nxa1 Nc8 29.
Bf1 Nb6 30.Nb3 c4 31.Nc1 Qc5 32.b3 c3 33.Qd1 Qa3 34.Be2 Qb2 35.Ne1 Be8 36.
Kg2 Bf7 37.Kh3 Qb1 38.Kg2 Nb4 39.Kf2 Kg8 40.Bf3 Kf8 41.Kf1 Na4 42.bxa4 
bxa4 43.Ke2 a3 44.Ng2 Na2 45.Nb3 Qxd1+ 46.Kxd1 Bxb3 0-1

[Event "5th Essent op"]
[Site "Hoogeveen NED"]
[Date "2001.10.16"]
[Round "5.15"]
[White "Boersma, Jan"]
[Black "Stellwagen, Daniel"]
[Result "0-1"]
[WhiteElo "2193"]
[BlackElo "2384"]
[EventDate "2001.10.12"]
[PlyCount "82"]

1.Nc3 d5 2.e4 d4 3.Nce2 e5 4.Ng3 Be6 5.Be2 Qd7 6.h3 Nc6 7.a3 g6 8.Nf3 f6 
9.Bb5 a6 10.Bxc6 Qxc6 11.d3 Ne7 12.O-O O-O-O 13.Nh2 g5 14.Ng4 Ng8 15.Qf3 
Be7 16.Nh5 Qxc2 17.Ngxf6 Nxf6 18.Nxf6 Rdf8 19.Bxg5 Qc5 20.Rac1 Qd6 21.Rc2 
Bb3 22.Qg4+ Be6 23.Nd5 Bxg4 24.Bxe7 Qe6 25.Rxc7+ Kb8 26.Bxf8 Rxf8 27.hxg4 
Qxg4 28.f3 Qg5 29.Rfc1 Rxf3 30.a4 Rxd3 31.R7c2 Rd2 32.Rxd2 Qxd2 33.Rf1 a5 
34.Rf2 Qe1+ 35.Rf1 Qxe4 36.Rf8+ Ka7 37.Nc7 Kb6 38.Nb5 Qe1+ 39.Kh2 Qh4+ 40.
Kg1 Qe7 41.Rf5 Kc5 0-1

[Event "5th Essent op"]
[Site "Hoogeveen NED"]
[Date "2001.10.16"]
[Round "5.16"]
[White "Rooda, Kai P"]
[Black "Koster, Ramon H"]
[Result "1/2-1/2"]
[WhiteElo "2176"]
[BlackElo "2285"]
[EventDate "2001.10.12"]
[PlyCount "49"]

1.d4 Nf6 2.Nf3 g6 3.c4 Bg7 4.Nc3 d5 5.cxd5 Nxd5 6.g3 O-O 7.Bg2 c5 8.O-O 
Nxc3 9.bxc3 Be6 10.Ne5 Nc6 11.Nxc6 bxc6 12.Bxc6 Rc8 13.d5 Bh3 14.Re1 Bxc3 
15.Bh6 Bxe1 16.Qxe1 Re8 17.Bxe8 Qxe8 18.Qc3 f6 19.Bd2 Qa4 20.f3 Bd7 21.Be3
Bb5 22.Kf2 Qc4 23.Qxc4 Bxc4 24.Rc1 Bxa2 25.Rxc5 1/2-1/2